| 000 | 01388nam a2200433 c 4500 | ||
|---|---|---|---|
| 001 | 51959 | ||
| 003 | ES-MaCES | ||
| 005 | 20210908104727.0 | ||
| 008 | 210908s2020 sp a 000 ||spa d | ||
| 017 |
_aB 26415-2019 _bDL |
||
| 020 | _a9788432224706 | ||
| 040 |
_aES-MaCES _bspa _cES-MaCES |
||
| 041 | 1 |
_aspa _heng |
|
| 100 | 1 |
_aCriado Pérez, Caroline _940088 |
|
| 245 | 1 | 3 |
_aLa mujer invisible _b: descubre cómo los datos configuran un mundo hecho por y para los hombres _cCaroline Criado Pérez ; [por la trad., Aurora Echevarría] |
| 250 | _a1ª ed | ||
| 260 |
_aBarcelona _bSeix Barral _c2020 |
||
| 300 |
_a527 p. _c23 cm |
||
| 490 | 1 | _aLos tres mundos | |
| 500 | _aTraducción de: Invisible women | ||
| 541 | _cCompra | ||
| 650 | 4 |
_amujeres _928657 |
|
| 650 | 4 |
_adiscriminación por razones de sexo _929521 |
|
| 650 | 4 |
_asociedad _927269 |
|
| 650 | 4 |
_acondiciones de vida _927111 |
|
| 650 | 4 |
_atrabajo _928289 |
|
| 650 | 4 |
_aeconomía _926781 |
|
| 650 | 4 |
_atoma de decisiones _928194 |
|
| 650 | 4 |
_acambio social _927286 |
|
| 650 | 4 |
_acambio cultural _927262 |
|
| 650 | 4 |
_930645 _aplanificación en función del género |
|
| 650 | 4 |
_927183 _aigualdad de oportunidades |
|
| 653 | 1 | 0 | _aMujer |
| 700 | 1 |
_940089 _aEchevarría, Aurora _etr. |
|
| 740 | 0 | 2 | _aInvisible women |
| 830 | 4 |
_aLos tres mundos _935951 |
|
| 902 | _aLIB Libro | ||
| 942 |
_2CES _cBK _h3.3. |
||
| 999 |
_c51959 _d51959 |
||